| 000 | 00482nam a2200169 i 4500 | ||
|---|---|---|---|
| 001 | 73645 | ||
| 003 | ES-MaACL | ||
| 005 | 20231207063015.0 | ||
| 007 | t| | ||
| 008 | 040909s1969 sp ||||1| spa d | ||
| 100 | 1 |
_aGómez de la Serna, Gaspar, _d1918-1974 _957897 |
|
| 245 | 1 | 0 |
_aGoya y su España / _cGaspar Gómez de la Serna. |
| 260 |
_aMadrid : _bAlianza, _c[1969] |
||
| 300 |
_a292 p. ; _c18 cm. |
||
| 852 |
_aES-MaACL _jC-40322 _bR.69985 |
||
| 999 |
_c73645 _d73645 |
||